[Event "2007 U.S. Masters Championship"]
[Site "Hendersonville, NC"]
[Date "2007.03.16"]
[Round "5"]
[White "Smith, Bryan G"]
[Black "Jones, Craig W"]
[Result "0-1"]
[WhiteElo "2444"]
[BlackElo "2263"]
[PlyCount "50"]
[EventDate "2007.03.10"]
[EventType "swiss"]
[EventRounds "9"]
[EventCountry "USA"]
[Source "Kevin Hyde"]
[SourceDate "2007.03.18"]

1. e4 c6 2. Nc3 d5 3. Nf3 Bg4 4. h3 Bxf3 5. Qxf3 e6 6. a3 Nf6 7. d3 d4 8. Ne2
Qa5+ 9. c3 c5 10. Bd2 Qb6 11. Rb1 Nc6 12. c4 Ne5 13. Qg3 Bd6 14. Nc1 Nxc4 15.
Qxg7 Nxd2 16. Qxh8+ Ke7 17. Qxa8 Nxb1 18. Be2 Nd7 19. Qc8 Qa5+ 20. b4 Qxa3 21.
O-O Qxb4 22. f4 Nd2 23. e5 Bxe5 24. fxe5 Nxf1 25. Kxf1 Qb1 0-1

[Event "2007 U.S. Masters Championship"]
[Site "Hendersonville, NC"]
[Date "2007.03.16"]
[Round "5"]
[White "Burnett, Ronald W"]
[Black "Wheeler, Jerry T"]
[Result "1-0"]
[WhiteElo "2423"]
[BlackElo "2200"]
[PlyCount "27"]
[EventDate "2007.03.10"]
[EventType "swiss"]
[EventRounds "9"]
[EventCountry "USA"]
[Source "Kevin Hyde"]
[SourceDate "2007.03.18"]

1. e4 c5 2. Nf3 g6 3. c4 Bg7 4. d4 Qb6 5. dxc5 Qxc5 6. Be2 Qb4+ 7. Nc3 Nf6 8.
O-O O-O 9. e5 Ng4 10. Nd5 Qa5 11. Nxe7+ Kh8 12. Bd2 Qc5 13. Nd5 a5 14. b4 1-0

[Event "2007 U.S. Masters Championship"]
[Site "Hendersonville, NC"]
[Date "2007.03.16"]
[Round "5"]
[White "Andrews, Todd D"]
[Black "Zorigt, Bayaraa"]
[Result "1/2-1/2"]
[WhiteElo "2366"]
[BlackElo "2196"]
[PlyCount "112"]
[EventDate "2007.03.10"]
[EventType "swiss"]
[EventRounds "9"]
[EventCountry "USA"]
[Source "Kevin Hyde"]
[SourceDate "2007.03.18"]

1. d4 Nf6 2. c4 e6 3. Nc3 Bb4 4. Qc2 O-O 5. a3 Bxc3+ 6. Qxc3 b6 7. Bg5 Bb7 8.
e3 d6 9. Nf3 Nbd7 10. Nd2 h6 11. Bh4 c5 12. b4 Rc8 13. dxc5 bxc5 14. b5 d5 15.
Be2 e5 16. Bxf6 Nxf6 17. cxd5 Qxd5 18. f3 e4 19. f4 Qe6 20. Nc4 Nd5 21. Qb2 a6
22. a4 Nb4 23. O-O Nd3 24. Qc3 Rfd8 25. Rab1 axb5 26. axb5 Nb4 27. f5 Qe8 28.
Nb6 Nd5 29. Nxd5 Rxd5 30. f6 g6 31. Bc4 Rd6 32. Qb3 Rcd8 33. Rfd1 Rxf6 34. Rxd8
Qxd8 35. Rd1 Qc7 36. Qa3 Rd6 37. Rf1 Bd5 38. Bxd5 Rxd5 39. Qa8+ Qd8 40. Qa7 Rd7
41. Qxc5 Qe7 42. Qxe7 Rxe7 43. Rb1 Rb7 44. g4 Rb6 45. Kf2 f5 46. gxf5 gxf5 47.
Ke2 Kf7 48. Kd2 Ke6 49. Kc3 Ke5 50. Kc4 f4 51. Kc5 Rb8 52. exf4+ Kxf4 53. Rf1+
Kg4 54. Rf6 Re8 55. Rxh6 e3 56. Rg6+ Kh3 1/2-1/2

[Event "2007 U.S. Masters Championship"]
[Site "Hendersonville, NC"]
[Date "2007.03.16"]
[Round "5"]
[White "Fouts, Matthew"]
[Black "Pupols, Viktors"]
[Result "1-0"]
[WhiteElo "2043"]
[BlackElo "2240"]
[PlyCount "81"]
[EventDate "2007.03.10"]
[EventType "swiss"]
[EventRounds "9"]
[EventCountry "USA"]
[Source "Kevin Hyde"]
[SourceDate "2007.03.18"]

1. e4 c6 2. d4 d5 3. Nd2 dxe4 4. Nxe4 Nd7 5. Nf3 Ngf6 6. Bd3 Nxe4 7. Bxe4 Nf6
8. Bd3 Bf5 9. O-O Bxd3 10. Qxd3 e6 11. Bf4 Bd6 12. Bxd6 Qxd6 13. c4 O-O 14.
Rfe1 Rfd8 15. Rad1 h6 16. Ne5 Qc7 17. Qc3 Nd7 18. Rd3 Nxe5 19. Rxe5 Rd7 20. h3
Rad8 21. Re4 e5 22. b4 f5 23. Rxe5 Qxe5 24. dxe5 Rxd3 25. Qc2 Rd1+ 26. Kh2 R8d3
27. b5 R1d2 28. Qb1 c5 29. b6 a6 30. e6 Kf8 31. Qe1 Ke7 32. Qe5 Rd6 33. Qxg7+
Kxe6 34. Qxh6+ Kf7 35. Qh7+ Kf6 36. Qxb7 Rb2 37. Qc7 Rbxb6 38. Qxc5 Rbc6 39.
Qb4 Rd4 40. Qf8+ Ke6 41. Qh6+ 1-0

[Event "2007 U.S. Masters Championship"]
[Site "Hendersonville, NC"]
[Date "2007.03.16"]
[Round "5"]
[White "Francisco, Richard"]
[Black "Ho, Conrad"]
[Result "0-1"]
[WhiteElo "2234"]
[BlackElo "2201"]
[PlyCount "54"]
[EventDate "2007.03.10"]
[EventType "swiss"]
[EventRounds "9"]
[EventCountry "USA"]
[Source "Kevin Hyde"]
[SourceDate "2007.03.18"]

1. e4 e6 2. d4 d5 3. Nc3 Bb4 4. e5 Ne7 5. Bd2 b6 6. f4 Ba6 7. Nb5 Bxd2+ 8. Qxd2
Qd7 9. a4 O-O 10. Nf3 c6 11. Nd6 Bxf1 12. Rxf1 c5 13. Ra3 Nbc6 14. Qf2 f6 15.
dxc5 fxe5 16. fxe5 Ng6 17. Qe3 bxc5 18. Qxc5 Ncxe5 19. Nb5 Nc4 20. Rb3 e5 21.
Nc7 Rad8 22. Nd2 Nf4 23. Rg3 Qxa4 24. Rxf4 exf4 25. Rxg7+ Kxg7 26. Qe7+ Kh8 27.
Ne6 Qd7 0-1

[Event "2007 U.S. Masters Championship"]
[Site "Hendersonville, NC"]
[Date "2007.03.16"]
[Round "5"]
[White "Pohl, Klaus A"]
[Black "Haessel, Dale R"]
[Result "0-1"]
[WhiteElo "2215"]
[BlackElo "2162"]
[PlyCount "53"]
[EventDate "2007.03.10"]
[EventType "swiss"]
[EventRounds "9"]
[EventCountry "USA"]
[Source "Kevin Hyde"]
[SourceDate "2007.03.18"]

1. e4 c5 2. Nf3 d6 3. c3 Nf6 4. d3 Nc6 5. Be2 e5 6. O-O Be7 7. Re1 O-O 8. Nbd2
Be6 9. Nf1 d5 10. Ng3 d4 11. Ng5 Bc8 12. Nf5 h6 13. Nxe7+ Qxe7 14. Nf3 Be6 15.
cxd4 cxd4 16. Bd2 Nd7 17. Qb1 a5 18. b3 Rfc8 19. Qb2 b5 20. Rac1 b4 21. h3 a4
22. bxa4 Rxa4 23. Ra1 Rca8 24. Rec1 Rxa2 25. Rxa2 Rxa2 26. Qb1 Qd6 27. Bd1 0-1

[Event "2007 U.S. Masters Championship"]
[Site "Hendersonville, NC"]
[Date "2007.03.16"]
[Round "5"]
[White "Panjwani, Raja D"]
[Black "Harris, Neal D"]
[Result "1-0"]
[WhiteElo "2213"]
[BlackElo "2215"]
[PlyCount "23"]
[EventDate "2007.03.10"]
[EventType "swiss"]
[EventRounds "9"]
[EventCountry "USA"]
[Source "Kevin Hyde"]
[SourceDate "2007.03.18"]

1. e4 c5 2. Nc3 Nc6 3. Nf3 Nf6 4. Bb5 Qc7 5. O-O a6 6. Bxc6 dxc6 7. e5 Nd5 8.
Ne4 b6 9. c4 Nb4 10. Qe2 Bf5 11. Nd6+ Kd7 12. Nxf5 1-0

[Event "2007 U.S. Masters Championship"]
[Site "Hendersonville, NC"]
[Date "2007.03.16"]
[Round "5"]
[White "Cao, Tony"]
[Black "Kidd, Jeffrey A"]
[Result "1-0"]
[WhiteElo "2173"]
[BlackElo "2151"]
[PlyCount "129"]
[EventDate "2007.03.10"]
[EventType "swiss"]
[EventRounds "9"]
[EventCountry "USA"]
[Source "Kevin Hyde"]
[SourceDate "2007.03.18"]

1. e4 e5 2. Nf3 Nf6 3. d4 Nxe4 4. Bd3 d5 5. Nxe5 Bd6 6. O-O O-O 7. Nd2 Nc6 8.
Nxe4 dxe4 9. Bxe4 Bxe5 10. dxe5 Qxd1 11. Rxd1 Nxe5 12. Bf4 f6 13. Bd5+ Kh8 14.
Re1 Bf5 15. Bxe5 fxe5 16. Rxe5 Bxc2 17. Rc1 Rfe8 18. Rxe8+ Rxe8 19. Bxb7 Re2
20. Bf3 Rd2 21. h3 Kg8 22. a3 c5 23. Kf1 Bd3+ 24. Ke1 Rxb2 25. Rxc5 a6 26. Rc7
g6 27. Rc3 Bb5 28. Rb3 Rc2 29. Bd1 Rc1 30. Kd2 Ra1 31. Bf3 Kg7 32. Ke3 Kf6 33.
Kf4 Ra2 34. Kg3 Ke5 35. Re3+ Kd4 36. Be4 Bc4 37. h4 a5 38. Bc6 Bd3 39. a4 Bc2
40. Re7 Kc5 41. Bb5 h5 42. Rc7+ Kb4 43. Rc4+ Kb3 44. Rc6 Kb4 45. Ra6 Rxa4 46.
Bxa4 Kxa4 47. Kf4 Kb5 48. Ra8 a4 49. Ke3 Kb4 50. Kd4 Kb3 51. Rb8+ Ka2 52. Kc3
Be4 53. f3 Bf5 54. Ra8 Ka3 55. Ra6 Bb1 56. g4 hxg4 57. fxg4 Be4 58. h5 gxh5 59.
gxh5 Bb7 60. Ra7 Bc6 61. h6 Be4 62. h7 Bxh7 63. Rxh7 Ka2 64. Ra7 a3 65. Kc2 1-0

[Event "2007 U.S. Masters Championship"]
[Site "Hendersonville, NC"]
[Date "2007.03.16"]
[Round "5"]
[White "Orizondo, Hugo"]
[Black "Balasubramanian, Adithya"]
[Result "0-1"]
[WhiteElo "2153"]
[BlackElo "2140"]
[PlyCount "104"]
[EventDate "2007.03.10"]
[EventType "swiss"]
[EventRounds "9"]
[EventCountry "USA"]
[Source "Kevin Hyde"]
[SourceDate "2007.03.18"]

1. e4 c5 2. Nf3 Nc6 3. d4 cxd4 4. Nxd4 Nf6 5. Nc3 e5 6. Ndb5 d6 7. Bg5 a6 8.
Na3 b5 9. Bxf6 gxf6 10. Nd5 Bg7 11. c3 f5 12. exf5 Bxf5 13. Nc2 O-O 14. Nce3
Be6 15. g3 f5 16. Bg2 Rc8 17. Qh5 b4 18. Nxb4 Nxb4 19. cxb4 e4 20. Rd1 d5 21.
Bh3 Qd7 22. O-O d4 23. b3 Qb5 24. Ng2 Qxb4 25. Nf4 Qe7 26. Rc1 d3 27. Rxc8 Bxc8
28. Rc1 Bd4 29. Nd5 Qf7 30. Qg5+ Kh8 31. Nf4 Rg8 32. Qh6 d2 33. Rd1 e3 34. fxe3
Bxe3+ 35. Kh1 Re8 36. Qh4 Bb7+ 37. Bg2 Bxf4 38. gxf4 Qg7 39. Bxb7 Qxb7+ 40. Kg1
Rg8+ 41. Qg3 Rxg3+ 42. hxg3 Qf3 43. Rxd2 Qxg3+ 44. Kf1 Qxf4+ 45. Rf2 Qc1+ 46.
Kg2 f4 47. Kf3 Qe3+ 48. Kg2 h5 49. a4 h4 50. Rf3 Qe2+ 51. Rf2 f3+ 52. Kg1 Qe1+
0-1

[Event "2007 U.S. Masters Championship"]
[Site "Hendersonville, NC"]
[Date "2007.03.16"]
[Round "5"]
[White "Dana, Maurice"]
[Black "Warnk, Torsten"]
[Result "1-0"]
[WhiteElo "2205"]
[BlackElo "1996"]
[PlyCount "170"]
[EventDate "2007.03.10"]
[EventType "swiss"]
[EventRounds "9"]
[EventCountry "USA"]
[Source "Kevin Hyde"]
[SourceDate "2007.03.18"]

1. e4 e6 2. d4 d5 3. Nd2 Nf6 4. Bd3 c5 5. exd5 Qxd5 6. Ngf3 cxd4 7. O-O Nc6 8.
Bc4 Qd8 9. Nb3 Be7 10. Nbxd4 Nxd4 11. Qxd4 Qxd4 12. Nxd4 O-O 13. Bf4 a6 14. a4
Rd8 15. Nf3 Bd7 16. h3 Rac8 17. Bb3 Bc6 18. Ne5 Be8 19. Rfd1 Nd5 20. Bg3 Nb6
21. a5 Nd7 22. c3 Nxe5 23. Bxe5 Rxd1+ 24. Rxd1 Rc5 25. Bd6 Bxd6 26. Rxd6 Rxa5
27. Bc2 Rd5 28. Rxd5 exd5 29. Kf1 h6 30. Ke2 Kf8 31. Kd3 Ke7 32. Kd4 Kd6 33.
Bd1 Bd7 34. Bf3 Be6 35. h4 b6 36. g3 f6 37. Bh1 g5 38. Bg2 b5 39. Bh1 a5 40.
Bg2 Kc6 41. Bh1 a4 42. Bg2 b4 43. cxb4 Kb5 44. Kc3 d4+ 45. Kxd4 Kxb4 46. Bc6
Bb3 47. Kd3 Bc4+ 48. Kd2 Bb3 49. Kd3 Bc4+ 50. Kd2 Be6 51. Be8 Bf5 52. Bc6 Kb3
53. Be8 Kb4 54. Bc6 Bh7 55. Be8 Bg8 56. Bd7 Bb3 57. Be8 Bd5 58. Bd7 Bb3 59. Be8
Kc5 60. Kc3 Bd1 61. Bd7 gxh4 62. gxh4 Kd6 63. Bb5 Ke5 64. Kd2 Bb3 65. Ke3 Kf5
66. Bd7+ Ke5 67. Bc6 f5 68. f4+ Kd6 69. Bb7 Be6 70. Kd4 Bd7 71. Bf3 Be6 72. Bd1
Bd7 73. Bc2 Ke6 74. Kc4 Ke7 75. Kd5 Kf6 76. Kd6 Be8 77. Bd1 Kg6 78. Ke7 Bb5 79.
h5+ Kg7 80. Ke6 Bd3 81. Bxa4 Be2 82. Be8 Kf8 83. Bg6 Kg7 84. Kxf5 Bd3+ 85. Kg4
Kf6 1-0

[Event "2007 U.S. Masters Championship"]
[Site "Hendersonville, NC"]
[Date "2007.03.16"]
[Round "5"]
[White "Xin, Samuel"]
[Black "Christensen, Wayne"]
[Result "0-1"]
[WhiteElo "1714"]
[BlackElo "2149"]
[PlyCount "46"]
[EventDate "2007.03.10"]
[EventType "swiss"]
[EventRounds "9"]
[EventCountry "USA"]
[Source "Kevin Hyde"]
[SourceDate "2007.03.18"]

1. e4 e5 2. Nf3 Nc6 3. Bc4 Nf6 4. d4 exd4 5. e5 Ne4 6. O-O Be7 7. Re1 d5 8.
exd6 Nxd6 9. Bb3 Bg4 10. Bg5 Bxf3 11. Qxf3 O-O 12. Bxe7 Nxe7 13. c3 Nef5 14. c4
c5 15. Bc2 Qg5 16. Bxf5 Nxf5 17. Qxb7 Rab8 18. Qd5 Rxb2 19. Qxc5 Qf4 20. Rf1
Qe4 21. f3 Qe3+ 22. Kh1 Nh4 23. g3 Qe2 0-1

[Event "2007 U.S. Masters Championship"]
[Site "Hendersonville, NC"]
[Date "2007.03.17"]
[Round "6"]
[White "Robson, Ray S"]
[Black "Gulamali, Kazim"]
[Result "0-1"]
[WhiteElo "2330"]
[BlackElo "2397"]
[PlyCount "72"]
[EventDate "2007.03.10"]
[EventType "swiss"]
[EventRounds "9"]
[EventCountry "USA"]
[Source "Kevin Hyde"]
[SourceDate "2007.03.18"]

1. e4 e5 2. Nf3 Nc6 3. Bb5 a6 4. Ba4 Nf6 5. O-O Be7 6. Re1 b5 7. Bb3 d6 8. c3
O-O 9. h3 Na5 10. Bc2 c5 11. d4 cxd4 12. cxd4 Bb7 13. Nbd2 Qc7 14. Nf1 Rac8 15.
Bb1 Nd7 16. d5 Nc4 17. g4 b4 18. Ng3 g6 19. Kh2 Kh8 20. Bd3 Ncb6 21. Bh6 Rg8
22. Bd2 Nc4 23. Rc1 Qb6 24. Qe2 Nxd2 25. Qxd2 Nc5 26. Bb1 a5 27. Kg2 Qb5 28.
Ng5 Rgf8 29. h4 Qd7 30. f3 Qe8 31. Rh1 Kg7 32. f4 exf4 33. Qxf4 Bf6 34. Rcf1
Be5 35. Qe3 f6 36. Nf3 Ba6 0-1

[Event "2007 U.S. Masters Championship"]
[Site "Hendersonville, NC"]
[Date "2007.03.17"]
[Round "6"]
[White "Ehlvest, Jaan"]
[Black "Simpson, Ronald"]
[Result "1-0"]
[WhiteElo "2675"]
[BlackElo "2316"]
[PlyCount "39"]
[EventDate "2007.03.10"]
[EventType "swiss"]
[EventRounds "9"]
[EventCountry "USA"]
[Source "Kevin Hyde"]
[SourceDate "2007.03.18"]

1. c4 Nf6 2. Nf3 g6 3. g3 Bg7 4. Bg2 O-O 5. O-O d6 6. d4 Nbd7 7. Nc3 e5 8. e4
exd4 9. Nxd4 a5 10. Rb1 Re8 11. h3 Nc5 12. Re1 c6 13. Bf4 d5 14. cxd5 Nxd5 15.
exd5 Rxe1+ 16. Qxe1 Bxd4 17. Rd1 g5 18. Be3 Bxc3 19. bxc3 b6 20. dxc6 1-0

[Event "2007 U.S. Masters Championship"]
[Site "Hendersonville, NC"]
[Date "2007.03.17"]
[Round "6"]
[White "Jones, Craig W"]
[Black "Aleskerov, Faik"]
[Result "1/2-1/2"]
[WhiteElo "2263"]
[BlackElo "2325"]
[PlyCount "41"]
[EventDate "2007.03.10"]
[EventType "swiss"]
[EventRounds "9"]
[EventCountry "USA"]
[Source "Kevin Hyde"]
[SourceDate "2007.03.18"]

1. Nf3 g6 2. c4 Bg7 3. Nc3 e5 4. g3 Ne7 5. Bg2 O-O 6. O-O d5 7. cxd5 Nxd5 8.
Nxd5 Qxd5 9. d3 Nc6 10. Qa4 Qd6 11. Qh4 Qb4 12. Qxb4 Nxb4 13. Bd2 Nc6 14. Rac1
e4 15. dxe4 Bxb2 16. Rb1 Bg7 17. Bf4 Re8 18. e5 Nxe5 19. Nxe5 Bxe5 20. Bxe5
Rxe5 21. Bxb7 1/2-1/2

[Event "2007 U.S. Masters Championship"]
[Site "Hendersonville, NC"]
[Date "2007.03.17"]
[Round "6"]
[White "Potter, John Russell"]
[Black "Burnett, Ronald W"]
[Result "0-1"]
[WhiteElo "2233"]
[BlackElo "2423"]
[PlyCount "88"]
[EventDate "2007.03.10"]
[EventType "swiss"]
[EventRounds "9"]
[EventCountry "USA"]
[Source "Kevin Hyde"]
[SourceDate "2007.03.18"]

1. d4 Nf6 2. c4 g6 3. Nc3 Bg7 4. e4 d6 5. f3 O-O 6. Be3 Nc6 7. Nge2 a6 8. Qd2
Rb8 9. h4 h5 10. O-O-O b5 11. g4 hxg4 12. Ng3 e5 13. Bh6 Nxd4 14. h5 Nxf3 15.
Qe3 b4 16. hxg6 fxg6 17. Bxg7 Kxg7 18. Qh6+ Kf7 19. Nd5 Rg8 20. Kb1 Be6 21. Be2
Bxd5 22. exd5 Qe7 23. Qe3 e4 24. Qf4 Qe5 25. Qxe5 Nxe5 26. Kc2 Rh8 27. Kd2 Rh3
28. Rxh3 gxh3 29. Ke3 Rh8 30. Nxe4 Nxe4 31. Kxe4 h2 32. Rh1 a5 33. b3 Kf6 34.
Bd1 Rh3 35. Be2 g5 36. Bf1 Rf3 37. Be2 Rf2 38. Ke3 Rg2 39. Rf1+ Kg7 40. Rh1 g4
41. Kd2 g3 42. Ke3 Rg1 43. Bf3 Nxf3 44. Kxf3 Rxh1 0-1

[Event "2007 U.S. Masters Championship"]
[Site "Hendersonville, NC"]
[Date "2007.03.17"]
[Round "6"]
[White "Zorigt, Bayaraa"]
[Black "Panjwani, Raja D"]
[Result "0-1"]
[WhiteElo "2196"]
[BlackElo "2213"]
[PlyCount "67"]
[EventDate "2007.03.10"]
[EventType "swiss"]
[EventRounds "9"]
[EventCountry "USA"]
[Source "Kevin Hyde"]
[SourceDate "2007.03.18"]

1. e4 e5 2. Nf3 Nc6 3. Bb5 Nf6 4. O-O Nxe4 5. d4 Nd6 6. Bxc6 dxc6 7. dxe5 Nf5
8. Qe2 Nd4 9. Nxd4 Qxd4 10. c3 Bg4 11. Qe1 Qd3 12. Qe3 O-O-O 13. f3 Qxe3+ 14.
Bxe3 Bf5 15. Nd2 Rd3 16. Kf2 a5 17. g4 Be6 18. h3 h5 19. Ke2 Rd5 20. c4 Rd8 21.
f4 Bb4 22. Rac1 hxg4 23. f5 Rxh3 24. fxe6 Rxe3+ 25. Kxe3 Bxd2+ 26. Ke4 fxe6 27.
Rcd1 c5 28. Rf8 Rxf8 29. Rxd2 Rd8 30. Rc2 Kd7 31. Ke3 g5 32. b3 Rh8 33. Rg2 Rh4
34. Kf2 0-1

[Event "2007 U.S. Masters Championship"]
[Site "Hendersonville, NC"]
[Date "2007.03.17"]
[Round "6"]
[White "Ho, Conrad"]
[Black "Fouts, Matthew"]
[Result "0-1"]
[WhiteElo "2201"]
[BlackElo "2043"]
[PlyCount "46"]
[EventDate "2007.03.10"]
[EventType "swiss"]
[EventRounds "9"]
[EventCountry "USA"]
[Source "Kevin Hyde"]
[SourceDate "2007.03.18"]

1. e4 c5 2. Nc3 Nc6 3. Nf3 d6 4. d4 cxd4 5. Nxd4 Bd7 6. Be3 g6 7. f3 Bg7 8. Qd2
Nxd4 9. Bxd4 Nf6 10. Nd5 e6 11. Nxf6+ Bxf6 12. Bxf6 Qxf6 13. O-O-O O-O 14. Qxd6
Rfd8 15. Qd4 e5 16. Qd6 Be6 17. Qb4 Qf4+ 18. Rd2 a5 19. Qc3 Rac8 20. Qxa5 b6
21. Qb4 Rd4 22. c4 Bxc4 23. Qc3 Ba6 0-1

[Event "2007 U.S. Masters Championship"]
[Site "Hendersonville, NC"]
[Date "2007.03.17"]
[Round "6"]
[White "Haessel, Dale R"]
[Black "Smith, Bryan G"]
[Result "0-1"]
[WhiteElo "2162"]
[BlackElo "2444"]
[PlyCount "60"]
[EventDate "2007.03.10"]
[EventType "swiss"]
[EventRounds "9"]
[EventCountry "USA"]
[Source "Kevin Hyde"]
[SourceDate "2007.03.18"]

1. d4 Nf6 2. c4 e6 3. g3 d5 4. Nf3 dxc4 5. Bg2 a6 6. a4 Nc6 7. O-O Rb8 8. a5 b5
9. axb6 cxb6 10. Bf4 Bd6 11. Ne5 Ne7 12. Nxc4 Bxf4 13. gxf4 O-O 14. Ne5 a5 15.
Nc3 Ba6 16. Qd2 Qd6 17. Rfc1 Rfc8 18. Ne4 Nxe4 19. Bxe4 Nd5 20. f5 Nf6 21. Bd3
Qxd4 22. fxe6 Qxe5 23. exf7+ Kxf7 24. Bxa6 Rxc1+ 25. Rxc1 Rd8 26. Bc4+ Ke7 27.
Bd3 Ng4 28. f4 Qd4+ 29. Kg2 Qf2+ 30. Kh3 Ne3 0-1

[Event "2007 U.S. Masters Championship"]
[Site "Hendersonville, NC"]
[Date "2007.03.17"]
[Round "6"]
[White "Balasubramanian, Adithya"]
[Black "Nagle, Sean M"]
[Result "0-1"]
[WhiteElo "2140"]
[BlackElo "2432"]
[PlyCount "120"]
[EventDate "2007.03.10"]
[EventType "swiss"]
[EventRounds "9"]
[EventCountry "USA"]
[Source "Kevin Hyde"]
[SourceDate "2007.03.18"]

1. e4 d5 2. exd5 Qxd5 3. Nc3 Qa5 4. d4 c6 5. Bc4 Bf5 6. Nf3 Nd7 7. O-O e6 8.
Bf4 Ngf6 9. h3 Be7 10. Re1 O-O 11. Ne5 Rad8 12. Qe2 Nb6 13. g4 Bg6 14. Nxg6
hxg6 15. Bxe6 Bb4 16. Bb3 Rxd4 17. Qf3 Nc4 18. a3 Bxc3 19. bxc3 Nd2 20. Bxd2
Rxd2 21. Re7 Rd7 22. Rxd7 Nxd7 23. a4 Qe5 24. Rd1 Nf6 25. Rd3 Re8 26. Re3 Qb8
27. g5 Rxe3 28. Qxe3 Nd5 29. Bxd5 cxd5 30. h4 b6 31. Qd4 Qe8 32. Kf1 Qe6 33.
Qd3 Qc6 34. Qb5 Qxc3 35. Qxd5 Qa1+ 36. Ke2 Qxa4 37. Kd3 b5 38. Qd8+ Kh7 39. Qc7
Qa2 40. Qc5 Qa1 41. Kd2 a6 42. Qa7 Qa2 43. Qb7 Qe6 44. Kc3 Qc4+ 45. Kb2 b4 46.
Qa7 f5 47. gxf6 Qc3+ 48. Kb1 Qxf6 49. Qc5 Qxh4 50. Qb6 Qc4 51. Qd8 Qf1+ 52. Ka2
Qxf2 53. Qc8 Qf5 54. Qc6 Qf1 55. Qc5 Qe1 56. Qc6 a5 57. Qa8 g5 58. Kb2 Qc3+ 59.
Kb1 Qe1+ 60. Kb2 Qe5+ 0-1

[Event "2007 U.S. Masters Championship"]
[Site "Hendersonville, NC"]
[Date "2007.03.17"]
[Round "6"]
[White "Ardaman, Miles F"]
[Black "Cao, Tony"]
[Result "0-1"]
[WhiteElo "2398"]
[BlackElo "2173"]
[PlyCount "64"]
[EventDate "2007.03.10"]
[EventType "swiss"]
[EventRounds "9"]
[EventCountry "USA"]
[Source "Kevin Hyde"]
[SourceDate "2007.03.18"]

1. b3 e5 2. Bb2 d6 3. e3 Nc6 4. Ne2 Nf6 5. h3 g6 6. d3 Bg7 7. Nd2 O-O 8. a3 Be6
9. g4 d5 10. Ng3 d4 11. e4 Bh6 12. Nf3 Nd7 13. Rg1 f6 14. Nf5 Bxf5 15. gxf5 Kf7
16. h4 Rg8 17. Bh3 Nc5 18. Ke2 Ne7 19. Bc1 Qf8 20. c3 gxf5 21. b4 fxe4 22. Ng5+
Bxg5 23. bxc5 Bxc1 24. Qb3+ Ke8 25. Raxc1 exd3+ 26. Kxd3 Rd8 27. Qxb7 dxc3+ 28.
Kxc3 Rxg1 29. Rxg1 Qh6 30. Be6 Qd2+ 31. Kb3 Rd3+ 32. Ka4 Qf4+ 0-1

[Event "2007 U.S. Masters Championship"]
[Site "Hendersonville, NC"]
[Date "2007.03.17"]
[Round "6"]
[White "Pupols, Viktors"]
[Black "Pohl, Klaus A"]
[Result "1-0"]
[WhiteElo "2240"]
[BlackElo "2215"]
[PlyCount "69"]
[EventDate "2007.03.10"]
[EventType "swiss"]
[EventRounds "9"]
[EventCountry "USA"]
[Source "Kevin Hyde"]
[SourceDate "2007.03.18"]

1. Nf3 Nf6 2. c4 c5 3. g3 Nc6 4. Bg2 d5 5. cxd5 Nxd5 6. Nc3 Nxc3 7. bxc3 g6 8.
d3 Bg7 9. Bd2 O-O 10. Qc1 Re8 11. Rb1 e5 12. Bh6 Bh8 13. Nd2 Qc7 14. h4 Be6 15.
Qb2 Rab8 16. h5 Na5 17. hxg6 fxg6 18. Ne4 Rbd8 19. c4 Bf5 20. Bg5 Rd7 21. Nf6+
Bxf6 22. Bxf6 e4 23. O-O exd3 24. exd3 Bxd3 25. Rfe1 Rxe1+ 26. Rxe1 Nxc4 27.
Qc1 Qd6 28. Qh6 Nb6 29. Re8+ Kf7 30. Be5 Kxe8 31. Bxd6 Rxd6 32. Qe3+ Kd7 33.
Qxc5 Ba6 34. Bh3+ Re6 35. a4 1-0

[Event "2007 U.S. Masters Championship"]
[Site "Hendersonville, NC"]
[Date "2007.03.17"]
[Round "6"]
[White "Francisco, Richard"]
[Black "Dana, Maurice"]
[Result "0-1"]
[WhiteElo "2234"]
[BlackElo "2205"]
[PlyCount "40"]
[EventDate "2007.03.10"]
[EventType "swiss"]
[EventRounds "9"]
[EventCountry "USA"]
[Source "Kevin Hyde"]
[SourceDate "2007.03.18"]

1. e4 e5 2. Nf3 Nc6 3. Bb5 a6 4. Ba4 Nf6 5. O-O Be7 6. Re1 b5 7. Bb3 O-O 8. c3
d5 9. exd5 Nxd5 10. Nxe5 Nxe5 11. Rxe5 c6 12. d4 Bd6 13. Re1 Qh4 14. g3 Qh6 15.
Re4 g5 16. Nd2 f5 17. Re2 f4 18. Qf1 Qh5 19. Ne4 Bg4 20. Re1 fxg3 0-1

[Event "2007 U.S. Masters Championship"]
[Site "Hendersonville, NC"]
[Date "2007.03.17"]
[Round "6"]
[White "Kidd, Jeffrey A"]
[Black "Holmes, Adam A"]
[Result "1-0"]
[WhiteElo "2151"]
[BlackElo "2027"]
[PlyCount "49"]
[EventDate "2007.03.10"]
[EventType "swiss"]
[EventRounds "9"]
[EventCountry "USA"]
[Source "Kevin Hyde"]
[SourceDate "2007.03.18"]

1. e4 c5 2. Nf3 Nc6 3. Bb5 e6 4. O-O Nf6 5. Re1 Be7 6. c3 O-O 7. d4 d5 8. e5
Nd7 9. Nbd2 cxd4 10. cxd4 Qb6 11. Bxc6 bxc6 12. b3 f6 13. Nf1 fxe5 14. dxe5 Ba6
15. Be3 c5 16. Ng3 Qc7 17. Rc1 Rxf3 18. gxf3 Nxe5 19. Bf4 Bd6 20. Bxe5 Bxe5 21.
b4 Bc4 22. bxc5 Bf4 23. Rxc4 dxc4 24. Qd4 e5 25. Qd5+ 1-0

[Event "2007 U.S. Masters Championship"]
[Site "Hendersonville, NC"]
[Date "2007.03.17"]
[Round "6"]
[White "Christensen, Wayne"]
[Black "Warnk, Torsten"]
[Result "1-0"]
[WhiteElo "2149"]
[BlackElo "1996"]
[PlyCount "101"]
[EventDate "2007.03.10"]
[EventType "swiss"]
[EventRounds "9"]
[EventCountry "USA"]
[Source "Kevin Hyde"]
[SourceDate "2007.03.18"]

1. d4 d5 2. c4 e6 3. Nf3 Nf6 4. g3 Nbd7 5. Bg2 Be7 6. O-O O-O 7. Qc2 b6 8. b3
c5 9. Nbd2 Bb7 10. Bb2 Rc8 11. Rac1 dxc4 12. Qxc4 a6 13. Rfd1 b5 14. Qd3 Nd5
15. Ne4 Nb4 16. Qb1 Bxe4 17. Qxe4 Nxa2 18. Ra1 Nb4 19. dxc5 Bxc5 20. Ne5 Rc7
21. Nxd7 Rxd7 22. Rxd7 Qxd7 23. Qe5 Bxf2+ 24. Kxf2 f6 25. Qc5 Qd2 26. Qc3 Qd6
27. Ba3 Qb6+ 28. e3 a5 29. Bxb4 axb4 30. Qxb4 Rc8 31. Ra2 Rc5 32. Rd2 Rf5+ 33.
Ke2 Re5 34. Qd4 Qa6 35. Be4 g6 36. Qd8+ Kg7 37. Qe7+ Kh6 38. Qf8+ Kg5 39. h4+
Kg4 40. Qxf6 b4+ 41. Kf2 Qa1 42. Qf3+ Kh3 43. Bd3 Rf5 44. Bxf5+ gxf5 45. g4+
Kxh4 46. gxf5 e5 47. Rd7 Kg5 48. Rxh7 Qb2+ 49. Qe2 Qxb3 50. Qh5+ Kf6 51. Qg6#
1-0

[Event "2007 U.S. Masters Championship"]
[Site "Hendersonville, NC"]
[Date "2007.03.17"]
[Round "6"]
[White "Lilly, Joshua B"]
[Black "Orizondo, Hugo"]
[Result "0-1"]
[WhiteElo "1742"]
[BlackElo "2153"]
[PlyCount "50"]
[EventDate "2007.03.10"]
[EventType "swiss"]
[EventRounds "9"]
[EventCountry "USA"]
[Source "Kevin Hyde"]
[SourceDate "2007.03.18"]

1. c4 e6 2. Nf3 d5 3. e3 Nf6 4. Nc3 Nbd7 5. d4 c6 6. Bd3 dxc4 7. Bxc4 b5 8. Bd3
Bb7 9. O-O Bd6 10. e4 e5 11. Re1 O-O 12. Bc2 a6 13. Bg5 h6 14. Bh4 Qe7 15. Bg3
Rfe8 16. Qd3 Rad8 17. Rad1 Bc7 18. Nh4 g6 19. Qe3 Kg7 20. Qc1 Nh5 21. dxe5 Nxg3
22. hxg3 Nxe5 23. Nf3 Ng4 24. Rxd8 Rxd8 25. Rd1 Qc5 0-1